Welcome to the Holygrace Academy Library

Please use search bar below to get started

TOGETHER WITH MATHEMATICS (Record no. 651)

MARC details
000 -LEADER
fixed length control field 00342nam a22001337a 4500
020 ## - INTERNATIONAL STANDARD BOOK NUMBER
ISBN 81-87414-11-1
082 ## - DEWEY DECIMAL CLASSIFICATION NUMBER
Classification number 510
Item number DEW/M
100 ## - MAIN ENTRY--AUTHOR NAME
Personal name RAJESH.K.DEWAN, Dr.SANJEEV VERMA
245 ## - TITLE STATEMENT
Title TOGETHER WITH MATHEMATICS
Remainder of title CLASS XII
260 ## - PUBLICATION, DISTRIBUTION, ETC. (IMPRINT)
Place of publication DELHI
Name of publisher RACHNA SAGAR PVT LTD
Year of publication 2008
300 ## - PHYSICAL DESCRIPTION
Number of Pages 576
650 ## - SUBJECT ADDED ENTRY--TOPICAL TERM
Topical Term MATHS FOR CLASS XII
Geographic subdivision INDIA
942 ## - ADDED ENTRY ELEMENTS (KOHA)
Koha item type Books
Holdings
Withdrawn status Lost status Collection code Home library Current library Shelving location Date acquired Source of acquisition Cost, normal purchase price Full call number Accession Number Koha item type
    Reference Main Library Main Library SHELF-10 D PLUS 2 -MATHS 27/09/2018 purchase 252.00 510 DEW/M 04380 Books